000 00522nam a2200205Ia 4500
005 20240823023522.0
008 240823s9999||||xx |||||||||||||| ||und||
020 _a978-81-203-3834-0
041 _aENGLISH
082 _A620.11 Q0
100 _a"Budinski,Kenneth G"
245 0 _aEngineering Materials : Properties and Selection
250 _a9th
260 _c2010
_b#VALUE!
500 _aYES
650 _aEngineering Materials
_bMechanical
700 _a" Budinski,Michael K"
942 _cBK
999 _c181734
_d181734